Opportunità e discriminazioni.
I tiakina i:
| Kaituhi matua: | |
|---|---|
| Ētahi atu kaituhi: | , , , , , , , , , , |
| Hōputu: | Pukapuka |
| Reo: | Itāriana |
| I whakaputaina: |
Roma :
Eco,
stampa 2000
|
| Rangatū: | Mappe
|
| Ngā Tūtohu: |
Kāore He Tūtohu, Me noho koe te mea tuatahi ki te tūtohu i tēnei pūkete!
|
MARC
| LEADER | 00000nam a22000007i 4500 | ||
|---|---|---|---|
| 001 | IT\ICCU\TO0\1244971 | ||
| 003 | ItRI | ||
| 005 | 20260223122136.0 | ||
| 008 | 030929s2000 it |||||| ||||| |||||c | ||
| 040 | |b ita |c ct | ||
| 041 | 7 | |a ita |2 ISO-639-2 | |
| 100 | |a Cagna Ninchi, Paolo | ||
| 245 | 0 | 0 | |a Opportunità e discriminazioni. |
| 260 | |a Roma : |b Eco, |c stampa 2000 | ||
| 300 | |a 78 p. ; |c 19 cm. | ||
| 500 | |a 2000, n. 21 | ||
| 500 | |a Nel colophon: Supplemento al n. 21 de: "Il sole che ride", quindicinale della Federazione dei Verdi. - Contributi di: Maria Grazia Giammarinaro, Monica frassoni, Paolo Cagna Ninchi, Maria Gigliola Toniollo, Alisa Del Re, Franco Grillini, Khaled Fouad Allam, Luca Casarini, Corrado Carrubba, Gian Paolo Silvestri. - Dedicato al disegno di legge presentato alla Camera dei Deputati il 23 novembre 1999 contro le discriminazioni e per la promozione delle pari opportunità. | ||
| 700 | |a Giammarinaro, Maria Grazia | ||
| 700 | |a Frassoni, Monica | ||
| 700 | |a Del Re, Alisa | ||
| 700 | |a Allam, Khaled Fouad | ||
| 700 | |a Casarini, Luca | ||
| 700 | |a Carrubba, Corrado | ||
| 700 | |a Grillini, Franco | ||
| 700 | |a Toniollo, Maria Gigliola | ||
| 700 | |a Silvestri, Gianpaolo | ||
| 700 | |a Balbo, Laura | ||
| 700 | |a Galtung, Johan | ||
| 772 | 0 | |w IT\ICCU\BVE\0170894 |t Il sole che ride | |
| 830 | 0 | |a Mappe |0 IT\ICCU\BVE\0286326 | |
| 942 | |2 ddc |c BK | ||
| 952 | |0 0 |1 0 |2 ddc |4 0 |6 B_SDL07SILGIOPP12 |7 0 |9 8103 |a MI |b MI |d 2005-06-18 |i 4910 |l 0 |o B-SDL07-SILGI-OPP12 |p CDOM4910 |r 2025-07-17 21:50:20 |w 2025-07-17 |x DONO |y BK | ||
| 952 | |0 0 |1 0 |2 ddc |4 0 |6 B_SDL07SILGIOPP11 |7 0 |9 8104 |a MI |b MI |d 2005-06-18 |i 3923 |l 0 |o B-SDL07-SILGI-OPP11 |p CDOM3923 |r 2025-07-17 21:50:20 |w 2025-07-17 |x DONO |y BK | ||
| 952 | |0 0 |1 0 |4 0 |6 DOC_306_766000000000000_OPP |7 0 |9 22303 |a BO |b BO |d 2026-01-15 |i 12388 |l 0 |o DOC 306.766 OPP |p BO12388 |r 2026-01-15 23:22:25 |w 2026-01-15 |x [Sebina 5] [1 v. (4. copia)] |y BK |z 1 v. (4. copia) | ||
| 952 | |0 0 |1 0 |4 0 |6 DOC_306_766000000000000_OPP |7 0 |9 22304 |a BO |b BO |d 2026-01-15 |i 12387 |l 0 |o DOC 306.766 OPP |p BO12387 |r 2026-01-15 23:22:25 |w 2026-01-15 |x [Sebina 5] [1 v.] |y BK |z 1 v. | ||
| 952 | |0 0 |1 0 |4 0 |6 DOC_306_766000000000000_OPP |7 0 |9 22305 |a BO |b BO |d 2026-01-15 |i 10013 |l 0 |o DOC 306.766 OPP |p BO10013 |r 2026-01-15 23:22:25 |w 2026-01-15 |x [Sebina 5] [1 v.] |y BK |z 1 v. | ||
| 952 | |0 0 |1 0 |4 0 |6 DOC_306_766000000000000_OPP |7 0 |9 22306 |a BO |b BO |d 2026-01-15 |i 10012 |l 0 |o DOC 306.766 OPP |p BO10012 |r 2026-01-15 23:22:25 |w 2026-01-15 |x [Sebina 5] [1 v.] |y BK |z 1 v. | ||
| 952 | |0 0 |1 0 |4 0 |6 DOC_306_766000000000000_OPP |7 0 |9 22307 |a BO |b BO |d 2026-01-15 |i 12389 |l 0 |o DOC 306.766 OPP |p BO12389 |r 2026-01-15 23:22:25 |w 2026-01-15 |x [Sebina 5] [1 v. (5. copia)] |y BK |z 1 v. (5. copia) | ||
| 999 | |c 7992 |d 7992 | ||